[Event "Havana Province-ch U14"]
[Site "Havana"]
[Date "2010.04.03"]
[Round "10"]
[White "Francesena Rodriguez, Lesdiel"]
[Black "Interian Rodriguez, Alberto de Dios"]
[Result "1/2-1/2"]
[WhiteElo "2018"]
[BlackElo "2058"]
[PlyCount "63"]
[EventDate "2010.03.21"]
[EventType "tourn"]
[EventRounds "13"]
[EventCountry "CUB"]
[EventCategory "1"]
[SourceTitle "EXT 2012"]
[Source "ChessBase"]
[SourceDate "2011.11.24"]
[SourceVersion "1"]
[SourceVersionDate "2011.11.24"]
[SourceQuality "1"]

1. e4 c5 2. Nf3 d6 3. c3 Nf6 4. Qc2 Qc7 5. d3 g6 6. Be3 Bg7 7. Nbd2 0-0 8. Be2 Bd7 9. 0-0 Nc6 10. Rac1 Rac8 11. d4 Ng4 12. Qd3 Nxe3 13. Qxe3 Qb8 14. Nb3 b6 15. Rfd1 Rc7 16. Rc2 e5 17. d5 Ne7 18. c4 f5 19. Nbd2 h6 20. Nf1 fxe4 21. N3d2 Nf5 22. Qxe4 Nd4 23. Rc3 Rf4 24. Qe3 Qf8 25. f3 Nf5 26. Qf2 e4 27. Nxe4 Bd4 28. Rxd4 Nxd4 29. Bd3 Be8 30. Ne3 Re7 31. Nc2 Nxc2 32. Rxc2 1/2-1/2

[Event "Havana Province-ch U14"]
[Site "Havana"]
[Date "2010.03.23"]
[Round "2"]
[White "Girones Barrios, Yans Richard"]
[Black "Francesena Rodriguez, Lesdiel"]
[Result "1-0"]
[WhiteElo "2176"]
[BlackElo "2018"]
[PlyCount "53"]
[EventDate "2010.03.21"]
[EventType "tourn"]
[EventRounds "13"]
[EventCountry "CUB"]
[EventCategory "1"]
[SourceTitle "EXT 2012"]
[Source "ChessBase"]
[SourceDate "2011.11.24"]
[SourceVersion "1"]
[SourceVersionDate "2011.11.24"]
[SourceQuality "1"]

1. d4 d5 2. c4 e6 3. Nc3 c5 4. cxd5 cxd4 5. Qxd4 Nc6 6. Qd2 Ne5 7. e4 Nf6 8. f4 Ng6 9. dxe6 fxe6 10. e5 Nd7 11. Bc4 Ngxe5 12. Bxe6 Nc5 13. Qxd8+ Kxd8 14. Bd5 Ng6 15. Bc4 Bd6 16. Nge2 Bg4 17. 0-0 Rf8 18. g3 a6 19. Rd1 Kc7 20. Nd5+ Kc6 21. b4 Bxe2 22. Bxe2 Ne4 23. Bf3 Rfe8 24. Nc3 Bxb4 25. Bxe4+ Kc5 26. Be3+ Kc4 27. Bd5+ 1-0